00663nam a2200193 a 450000100100000000500170001000800410002702000150006804000250008304100080010810000450011624500700016125000120023126000400024330000280028350400350031195201060034699900170045200001395520200929163421.0091202s1986 xxu 000 0 spa d a0313249997 aDO-SdBNPbspacBNPHU17aeng1 aGabriel, Ralph Henry,d1890-1987.93161714athe course of american democratic thought /cRalph Henry Gabriel. a3a. ed. aNew York :bGreenwood Press,c1986. aa xiv, 508 p. ;c24 cm. aBibliografía : p. (487-493.) 0010507-18MOaGRbGRcOId2009-12-02iLF1l0o p13955-10r2020-06-25w2020-06-25y1ZNo se presta c13559d13559